000 00706 a2200217 4500
001 50118
005 20260407155801.0
008 260407a1965 arg spa d
003 AR-UNSa-BCEJYS
040 _aAR-UNSa-BCEJYS
_bspa
_cAR-UNSa-BCEJYS
080 _a330.8
_xHistoria de las teorías, Doctrinas, Dogmas económicos (pensamiento económico)
245 1 0 _aEnsayos de doctrinas económicas argentinas
250 _a2a. ed.
264 1 _aBuenos Aires :
_bEdiciones Depalma
_c1965
300 _a153 p.
_c20 cm.
505 _a1. Manuel Belgrano - 2. Esteban Echeverría - 3. Silvio Gesell.
041 _aspa
942 _cBK
590 _aniveau_biblio:m niveau_hierar:0
100 1 _aPopescu, Oreste
999 _c4962
_d4962